Statystyki dla Mistrzowie świata w erze SGP na żużlu

Kliknij tutaj aby rozwiązać quiz!

Ogólne statystyki

  • Ten quiz został rozwiązany 129 razy
  • Średni wynik to 17 z 27

Statystyki odpowiedzi

RokZawodnik% Poprawnych
2021Artiom Łaguta
85%
2020Bartosz Zmarzlik
82%
2019Bartosz Zmarzlik
82%
2017Jason Doyle
77%
2018Tai Woffinden
75%
2010Tomasz Gollob
70%
2015Tai Woffinden
68%
2013Tai Woffinden
68%
2016Greg Hancock
66%
1995Hans Nielsen
66%
2012Chris Holder
63%
2014Greg Hancock
63%
2008Nicki Pedersen
63%
2003Nicki Pedersen
62%
2007Nicki Pedersen
61%
2001Tony Rickardsson
61%
2002Tony Rickardsson
59%
2009Jason Crump
58%
1999Tony Rickardsson
58%
1998Tony Rickardsson
58%
2005Tony Rickardsson
58%
2011Greg Hancock
56%
2004Jason Crump
55%
2006Jason Crump
55%
1996Billy Hamill
52%
1997Greg Hancock
52%
2000Mark Loram
51%

Rozkład punktacji

Percentyl według liczby udzielonych odpowiedzi

Procent ludzi z każdym wynikiem

Twoja historia wyników

Nie rozwiązałeś tego quizu